LEADER 01691nam2 22004093i 450 001 TO00336086 005 20231121125837.0 010 $a8804206624 100 $a20000331d1993 ||||0itac50 ba 101 | $aita 102 $ait 181 1$6z01$ai $bxxxe 182 1$6z01$an 200 0 $a1$fGabriele D'Annunzio$gintroduzione di Luciano Anceschi 205 $a3. ed 210 $aMilano$cA. Mondadori$d1993 215 $aCL, 1231 p.$d17 cm. 461 1$1001CFI0018093$12001 $aVersi d'amore e di gloria$fGabriele D'Annunzio$gedizione diretta da Luciano Anceschi$ga cura di Annamaria Andreoli e Niva Lorenzini$v1 676 $a851.912$9POESIA ITALIANA. 1900-1945$v21 700 1$aD'Annunzio$b, Gabriele$3CFIV000030$03236 702 1$aAnceschi$b, Luciano$3CFIV006121 790 1$aNuncius$b, Gabriel$3CFIV257495$zD'Annunzio, Gabriele 790 0$aAriel$3LO1V207461$zD'Annunzio, Gabriele 790 0$aCocles$3LO1V207462$zD'Annunzio, Gabriele 790 1$aD'Annunzio$b, Gabriele$3RMLV251270$zD'Annunzio, Gabriele 790 1$aDe' Fiori$b, Mario$3RT1V039568$zD'Annunzio, Gabriele 790 1$aFiori$b, Mario : De'$3RT1V039571$zD'Annunzio, Gabriele 790 1$aCocles$b, Angelo$3TERV030674$zD'Annunzio, Gabriele 801 3$aIT$bIT-01$c20000331 850 $aIT-RM0290 $aIT-FR0017 899 $aBIBLIOTECA ANGELICA$bRM0290 899 $aBiblioteca umanistica Giorgio Aprea$bFR0017 912 $aTO00336086 950 2$aBiblioteca umanistica Giorgio Aprea$d 52MAG 5 Coll C 17.1$e 52FLS0000161595 VMN RS $fA $h20150128$i20150128 977 $a 06$a 52 996 $a1$91641418 997 $aUNICAS LEADER 00981nam0 22002651i 450 001 RML0266640 005 20231121125723.0 100 $a20121121d1973 ||||0itac50 ba 101 | $aeng 102 $ait 181 1$6z01$ai $bxxxe 182 1$6z01$an 200 1 $aFluidic applications$ecourse held at the department of hydro-and gas-dynamics october 1970,Udine 1973$fGuido Belforte 210 $aUdine $cCISM $d1973 215 $a156 p.$cill.$d24 cm 300 $aIn testa al front.: International centre for mechanical sciences 700 1$aBelforte$b, Guido$3RMLV169449$028160 801 3$aIT$bIT-01$c20121121 850 $aIT-FR0099 899 $aBiblioteca Area Ingegneristica$bFR0099 912 $aRML0266640 950 0$aBiblioteca Area Ingegneristica$d 54DII$e 54VM 0000370835 VM barcode:ING2246D. - Inventario:2246DVM$fA $h20031205$i20121204 977 $a 54 996 $aFluidic applications$93624809 997 $aUNICAS